000 00640nam a2200229 a 4500
999 _c5271
_d5271
001 5271
003 BD-JhCC
005 20171211193110.0
008 171211s1973 e a|||| || | 000 0 eng d
035 _a(BD-JhCC)5271
040 _aBD-JhCC
_dBD-JhCC
041 _aeng
082 _a330.04
_bMIL 1973
100 _aMillward Alan S.
245 _aThe Ecinomic Development of Continental Europe 1780-1870 /
_c Alan S. Millward, S. B. Saul
260 _aLondon :
_bGeorge Allen & Unwin Ltd,
_c1973.
300 _a548 p. :
_c22 cm.
650 _aEconomics History
_zEurope
700 _a Saul, S. B.
942 _2ddc
_cBK